00677nam a2200193Ia 4500952014700000999001700147003000400164005001700168008004100185020001800226040000900244082002200253100003200275245006300307260003800370300000900408650001600417942005000433 00102ddc40708COMPUTER SCIENCEaMESbMEScCOMPd2019-02-20g679.00l0o001.434072 MON/Dp38520r2019-02-20 00:00:00w2019-02-20yBKzGL30R1 c32454d32454OSt20201008112658.0190216s9999||||xx |||||||||||||| ||und|| a9788126540501 coclc a001.434072bMON/D aMontgomery, Douglas C95451 0aDesign And Analysis Of Experiments /cDouglas C Montgomery bWiley Student,c2014.aNew Delhi: a726p aMathematics cBK2ddch001.434072iMON/Dk001.434072mMON/D